000 00521nam a2200169Ia 4500
005 20250923145831.0
008 008 250917s9999 xx 000 0 eng d
037 _aTextual
040 _aDSWL
_beng
_cDSWL
041 _aeng
_2eng
084 _aYX,Z33;6-J'N90t4, N90
_qDSWL
100 _aTandon, Reena
_9839406
245 0 _aOld people in homes forthe aged
_c by Reena Tandon
260 _aDelhi
_bDeptt. of social work
_c1990
942 _cTEXL
_hYX,Z33;6-J'N90t4, N90
999 _c1456276
_d1456276